000 00447nam a2200181Ia 4500
003 SISC
005 20181203071402.0
008 181126s9999 xx 000 0 und d
020 _a9780552151764
050 _aPS 3552.R68
_b.B877 2001
100 _aBrown, Dan
245 _cBrown Dan
_aDeception point/
260 _aLondon :
_bCorgi Books
_c2001
300 _a585 pages :
_c18 cm.
650 _aFiction
942 _2lcc
_cBK
999 _c359478
_d359478